| 000 | 00737nam a2200217Ia 4500 | ||
|---|---|---|---|
| 003 | IN-BaIIA | ||
| 008 | 211028s9999 xx 000 0 eng d | ||
| 020 | _a0-387-26322-5 | ||
| 040 | _cIIA Library | ||
| 080 |
_a52(082.1) _bASS-324 |
||
| 245 | 0 |
_aCores to clusters _bstar formation with next generation telescopes _cedited by M. S. N. Kumar, M. Tafalla and P. Caselli |
|
| 260 |
_aNew York _bSpringer _c2005 |
||
| 300 | _axv, 216p. | ||
| 490 | _aAstrophysics and space science library; v. 324 | ||
| 650 |
_aStar clusters _96686 |
||
| 650 | _aStar formation | ||
| 700 |
_aCaselli, P., ed. _929981 |
||
| 700 |
_aKumar, M. S. N., ed. _929982 |
||
| 700 |
_aTafalla, M., ed. _929983 |
||
| 942 | _cBK | ||
| 999 |
_c16210 _d16210 |
||